| 000 | 00462nam a2200145 a 4500 | ||
|---|---|---|---|
| 008 | 120416s0000 ||||||||||||||||| || u | ||
| 020 | _a0340201576 | ||
| 050 | _aPR 6069.T46T6 | ||
| 100 | _aStewart, Mary | ||
| 245 | 1 | 0 | _aTouch not the cat |
| 260 |
_aLondon _bHodder & Stoughton _c1976 |
||
| 300 | _a301p. | ||
| 350 | _a0.00 | ||
| 995 |
_D0.00 _FCBU-MAIN LIBRARY (Kitwe) _H1 _I3.00 _M1 _UAVAILABLE _ZFiction Collection |
||
| 999 |
_c60015 _d60015 |
||